| 000 | 01412nam a2200217Ia 4500 | ||
|---|---|---|---|
| 999 |
_c34958 _d34958 |
||
| 001 | 787 | ||
| 003 | GE_BSU | ||
| 005 | 20210223140612.0 | ||
| 008 | 181216s2008||||ge |||||||||||||| ||geo|| | ||
| 040 | _cGE_BSU | ||
| 080 | _a373.6 პ-91 | ||
| 245 |
_aპროფორიენტაციის მეთოდური საფუძვლები : _b[კრებული]. ნაწ II / _cმიგრაციის საერთაშ. ორგანიზაცია, დასაქმებაზე ინფორმაციის, კონსულტაციისა და მიმართვის ცენტრი. |
||
| 264 |
_aთბილისი : _b(შპს "იუ-სი-ემ"-ის სტ.), _c2008. |
||
| 300 |
_a109 გვ. _bილ., ცხრ. _c28 სმ. |
||
| 653 | _a პროფორიენტაცია | ||
| 653 | _aმეთოდური მითითებები | ||
| 700 |
_aქირია, გივი _eშემდგენელი _910198 |
||
| 700 |
_aბახუტაშვილი, ნინო _eრედაქტორი _910199 |
||
| 710 |
_a მიგრაციის საერთაშ. ორგანიზაცია; დასაქმებაზე ინფორმაციის, კონსულტაციისა და მიმართვის ცენტრი _910200 |
||
| 942 |
_cBK _2udc |
||